000 00667cam a22002051 4500
001 e 15000936
003 DLC
005 20260227111204.0
008 740401s1878 xx 000 0 eng
010 _ae 15000936
035 _a(OCoLC)846832
040 _aDLC
_cNIC
_dOCoLC
_dDLC
042 _apremarc
050 0 0 _aLA2617.H45
_bB6
100 1 _aBoardman, Henry A.
_q(Henry Augustus),
_d1808-1880.
245 1 0 _aIn memoriam. A discourse commemorative of the character and life of John Seely Hart, LL. D.,
_cby Henry A. Boardman, D.D.
260 _aPhiladelphia,
_bEldredge,
_c1878.
300 _a32 p.
_c22 cm.
600 1 0 _aHart, John S.
_q(John Seely),
_d1810-1877.
999 _c19809
_d19809